LEADER 00918nam0-22003251i-450- 001 990003870110403321 035 $a000387011 035 $aFED01000387011 035 $a(Aleph)000387011FED01 035 $a000387011 100 $a19960715d--------km-y0itay50------ba 101 0 $aita 102 $aIT 200 1 $aForeign Trade Reform and Privatisation in the USSR$fBy Andrei Vernikov 225 1 $aWarwick Economic Research Papers$v377 610 0 $aPaesi ex socialisti$aTransizione economica 610 0 $aPolitica del commercio estero 610 0 $aPrivatizzazioni 676 $aN/1.0 676 $aN/3.2 676 $aO/3.31 700 1$aVernikov,$bAndrei$0382577 801 0$aIT$bUNINA$gRICA$2UNIMARC 901 $aBK 912 $a990003870110403321 952 $aPaper$fSES 959 $aSES 996 $aForeign Trade Reform and Privatisation in the USSR$9514198 997 $aUNINA DB $aING01 LEADER 01764nam0 22003973i 450 001 VAN00257513 005 20251114102338.763 017 70$2N$a9781461491262 100 $a20230427d2013 |0itac50 ba 101 $aeng 102 $aUS 105 $a|||| ||||| 181 $ai$b e 182 $ab 183 $acr 200 1 $aChemical and Bioprocess Engineering$eFundamental Concepts for First-Year Students$fRicardo Simpson, Sudhir K. Sastry 210 $aNew York$cSpringer$d2013 215 $aXX, 352 p.$cill.$d24 cm 620 $aUS$dNew York$3VANL000011 676 $a660.63$cBiochimica industriale. Ingegneria biochimica$v22 676 $a536.7$cTermodinamica$v22 676 $a536.2$cFisica. Trasmissione di calore$v22 700 1$aSimpson$bRicardo$3VANV198273$01057759 701 1$aSastry$bSudhir K.$3VANV211123$01350410 712 $aSpringer $3VANV108073$4650 790 1$aSastry, S.K.$zSastry, Sudhir K.$3VANV211124 790 1$aSastry, S. K.$zSastry, Sudhir K.$3VANV211125 790 1$aSastry, Sudhir Kartikeya$zSastry, Sudhir K.$3VANV211126 801 $aIT$bSOL$c20251121$gRICA 856 4 $uhttps://link.springer.com/openurl?genre=book&isbn=978-1-4614-9126-2$zE-book - Accesso al full-text attraverso riconoscimento IP di Ateneo, proxy e/o Shibboleth 899 $aBIBLIOTECA DEL DIPARTIMENTO DI SCIENZE E TECNOLOGIE AMBIENTALI BIOLOGICHE E FARMACEUTICHE$1IT-CE0101$2VAN17 912 $fN 912 $aVAN00257513 950 $aBIBLIOTECA DEL DIPARTIMENTO DI SCIENZE E TECNOLOGIE AMBIENTALI BIOLOGICHE E FARMACEUTICHE$d17CONS e-book 2304 $e17BIB2304/269 269 20230427 $sBuono 996 $aChemical and Bioprocess Engineering$93088351 997 $aUNICAMPANIA